JR九州 鉄道車両クイズ - Statistics

General Stats
  • This quiz has been taken 67 times
  • The average score is 16 of 28
Answer Stats
Picture Answer % Correct
800系
89%
813系
85%
883系
85%
415系
81%
787系
81%
885系
81%
303系
79%
783系
79%
815系
77%
817系
77%
103系
72%
305系
70%
821系
64%
485系
62%
キハ185系
58%
キハ71系
55%
713系
55%
キハ72系
55%
キハ40系
53%
YC1系
53%
キハ183系
45%
キハ200系
42%
キハ66系
30%
BEC819系
28%
キハ125形
19%
キハ140系
17%
811系0番台
15%
2R形
9%
No matching quizzes found
Score Distribution
Percent of People with Each Score
Percentile by Number Answered
Your Score History
You have not taken this quiz